000 01491cam a2200421 4500
999 _c23319
_d23319
001 vtls011778682
005 20220928134055.0
008 210624s2018 xo gr 000 fdslo
020 _a9788089822249
_q(viazané)
035 _aDF8CC743-807A-42E9-98A4-D90B3D536840
035 _aurn:nbn:sk:snk-am3idj6
035 _aurn:nbn:sk:snk-am00e5y7
040 _aPOKPOH
_bslo
_cPOKPOH
_dSNK
_erda
041 1 _aslo
_heng
044 _axo
_cSK
072 7 _a821.111(73)-3
_xAmerická próza
_2konspekt
080 _a821.111(73)-31
_22011
080 _a(0:82-312.9)
_22011
100 1 _aDekker, Rachelle
_4aut
_93318
240 1 4 _aThe Returning
_lSlovensky
245 1 0 _aNávrat
_bbude riskovať všetko, aby ich vyviedla z temnoty
_cRachelle Dekkerová ; z anglického originálu The Returning preložila Zuzana Vengliková
250 _aPrvé vydanie
264 1 _a[Spišské Hanušovce]
_bi527.net, s.r.o.
_c2018
300 _a275 strán
_c21 cm
336 _atext
_btxt
_2rdacontent
337 _abez média
_bn
_2rdamedia
338 _azväzok
_bnc
_2rdacarrier
500 _aMiesto vydania podľa NA ISBN
500 _aObsahuje biografické údaje o autorke
500 _aZ externých zdrojov: 3. diel série Prorok
655 7 _aamerické romány
_2SNKPH
_92
655 7 _afantazijné romány
_2SNKPH
_92291
655 7 _aAmerican fiction
_2SNKPHeng
_93
655 7 _aFantasy novels
_2SNKPHeng
_92292
700 1 _aVengliková, Zuzana
_4trl
_93316
958 _aLX
958 _aUP